Πολιτικές δια βίου μάθησης και σχεδιασμός το Κ.Ε.Ε. : μεταπτυχιακή διατριβή
Αποθηκεύτηκε σε:
| Κύριος συγγραφέας: | |
|---|---|
| Συγγραφή απο Οργανισμό/Αρχή: | |
| Άλλοι συγγραφείς: | |
| Μορφή: | Thesis Βιβλίο |
| Γλώσσα: | Greek |
| Δημοσίευση: |
2008
|
| Θέματα: | |
| Διαθέσιμο Online: | http://hdl.handle.net/11610/14069 |
| Ετικέτες: |
Προσθήκη ετικέτας
Δεν υπάρχουν, Καταχωρήστε ετικέτα πρώτοι!
|
MARC
| LEADER | 00000cam a2200000 i 4500 | ||
|---|---|---|---|
| 001 | 1/90905 | ||
| 008 | 080711s2008 gre d | ||
| 035 | |l 10098904 | ||
| 040 | |a GR-MY-UA |b gre |e aacr | ||
| 041 | 0 | |a gre | |
| 082 | 0 | |a 370.111 |2 (22) | |
| 100 | 1 | |a Σύρμου, Ευανθία. | |
| 245 | 1 | 0 | |a Πολιτικές δια βίου μάθησης και σχεδιασμός/υλοποίηση των κέντρων εκπαίδευσης ενηλίκων : |b το Κ.Ε.Ε. : μεταπτυχιακή διατριβή / |c Ευανθία Σύρμου ; Καραντζόλα Ελένη(επιβλέπουσα) |
| 260 | |c 2008 | ||
| 300 | |a [252] σ.; |c 30 εκ. | ||
| 500 | |a Μέλη εξεταστικής επιτροπής : Ευάγγελος Ιντζίδης, Μάριος Βρυωνίδης | ||
| 502 | |a Διατριβή (μεταπτυχιακή) – Πανεπιστήμιο Αιγαίου, Ρόδος, 2008. | ||
| 504 | |a Περιλαμβάνει βιβλιογραφίες | ||
| 610 | 2 | 0 | |a University of the Aegean |x Dissertations. |
| 650 | 0 | 0 | |a Continuing education. |
| 650 | 0 | 0 | |a Continuing education |z Greece. |
| 650 | 0 | 0 | |a Adult education. |
| 650 | 0 | 0 | |a Dissertations, Academic |z Greece. |
| 700 | 1 | |a Καραντζόλα, Ελένη. |4 ths | |
| 710 | 2 | |a Πανεπιστήμιο Αιγαίου |b Σχολή Ανθρωπιστικών Σπουδών |b Τμήμα Επιστημών Προσχολικής Αγωγής και Εκπαιδευτικού Σχεδιασμού. | |
| 852 | |a INST |b RHODES |c DIATR |e 20080711 |h 370.111 ΣΥΡ |p 005400028885 |q 005400028885 |t MTXE |y 23 | ||
| 852 | |a INST |b RHODES |c DIATR |e 20080711 |h 370.111 ΣΥΡ |p 005400028886 |q 005400028886 |t MTXE |y 23 | ||
| 856 | |u http://hdl.handle.net/11610/14069 | ||
| 901 | |a BIBL4-2008-2 | ||
| 909 | |a Ρ |b 150330 | ||
| 909 | |a Ρ |b 150331 | ||
| 924 | |a ΣΥΡΜΟΥ |b ΕΥΑΝΘΙΑ |y ΡΟΔΟΣ |z 2008-07 | ||
| 970 | |a ΜΙΣΣΟΣ |b ΣΤΑΥΡΟΣ |z 2008/07/11 | ||